Zwycięzcy Pucharu Polski (1925-2022) - Statystyki

Ogólne statystyki
  • Ten quiz został rozwiązany 154 razy
  • Średni wynik to 56 z 69
Statystyki odpowiedzi
Sezon Zwycięzca % Poprawnych
1981/82 Lech Poznań
99%
1983/84 Lech Poznań
99%
1987/88 Lech Poznań
99%
2003/04 Lech Poznań
99%
2008/09 Lech Poznań
99%
1954/55 Legia Warszawa
99%
1955/56 Legia Warszawa
99%
1963/64 Legia Warszawa
99%
1965/66 Legia Warszawa
99%
1972/73 Legia Warszawa
99%
1979/80 Legia Warszawa
99%
1980/81 Legia Warszawa
99%
1988/89 Legia Warszawa
99%
1989/90 Legia Warszawa
99%
1993/94 Legia Warszawa
99%
1994/95 Legia Warszawa
99%
1996/97 Legia Warszawa
99%
2007/08 Legia Warszawa
99%
2010/11 Legia Warszawa
99%
2011/12 Legia Warszawa
99%
2012/13 Legia Warszawa
99%
2014/15 Legia Warszawa
99%
2015/16 Legia Warszawa
99%
2017/18 Legia Warszawa
99%
1982/83 Lechia Gdańsk
95%
2018/19 Lechia Gdańsk
95%
2020/21 Raków Częstochowa
95%
2021/22 Raków Częstochowa
95%
1925/26 Wisła Kraków
94%
1966/67 Wisła Kraków
94%
2001/02 Wisła Kraków
94%
2002/03 Wisła Kraków
94%
1964/65 Górnik Zabrze
91%
1967/68 Górnik Zabrze
91%
1968/69 Górnik Zabrze
91%
1969/70 Górnik Zabrze
91%
1970/71 Górnik Zabrze
91%
1971/72 Górnik Zabrze
91%
1978/79 Arka Gdynia
90%
2016/17 Arka Gdynia
90%
2019/20 Cracovia
90%
1984/85 Widzew Łódź
84%
2009/10 Jagiellonia Białystok
83%
1956/57 ŁKS Łódź
83%
1975/76 Śląsk Wrocław
83%
1986/87 Śląsk Wrocław
83%
2000/01 Polonia Warszawa
80%
1973/74 Ruch Chorzów
80%
1995/96 Ruch Chorzów
80%
2004/05 Zagłębie Lubin
75%
2013/14 Zawisza Bydgoszcz
70%
1997/98 Amica Wronki
67%
1998/99 Amica Wronki
67%
1999/00 Amica Wronki
67%
1985/86 GKS Katowice
67%
1990/91 GKS Katowice
67%
1992/93 GKS Katowice
67%
2005/06 Wisła Płock
58%
1961/62 Zagłębie Sosnowiec
49%
1962/63 Zagłębie Sosnowiec
49%
1976/77 Zagłębie Sosnowiec
49%
1977/78 Zagłębie Sosnowiec
49%
1991/92 Miedź Legnica
40%
1974/75 Stal Rzeszów
38%
2004/05 Dyskobolia Grodzisk Wielkopolski
33%
2006/07 Dyskobolia Grodzisk Wielkopolski
33%
1953/54 Gwardia Warszawa
17%
1952 Kolejarz Warszawa
3%
1950/51 Unia Chorzów
3%
Nie znaleziono quizów pasujących do podanych kryteriów
Rozkład punktacji
Procent ludzi z każdym wynikiem
Percentyl według liczby udzielonych odpowiedzi
Twoja historia wyników
Nie rozwiązałeś tego quizu